LEADER 01080nam0 22002411i 450 001 UON00178649 005 20240124024628.905 100 $a20030730d1988 |0itac50 ba 101 $aita 102 $aIT 105 $a|||| 1|||| 200 1 $aˆIl ‰contratto di diritto pubblico fra amministrazione e privato nell'esperienza tedesca$econtributo allo studio della contrattualità nel diritto amministrativo$fAlfonso Masucci 210 $aNapoli$cJovene$d1988 - 159 p. ; 23 cm. 606 $aGermania$xDiritto pubblico$xContratto$3UONC035149$2FI 620 $aIT$dNapoli$3UONL000012 700 1$aMasucci$bAlfonso$3UONV100555$0148088 712 $aJovene$3UONV252044$4650 801 $aIT$bSOL$c20250808$gRICA 899 $aSIBA - SISTEMA BIBLIOTECARIO DI ATENEO$2UONSI 912 $aUON00178649 950 $aSIBA - SISTEMA BIBLIOTECARIO DI ATENEO$dSI PUB C 0599 $eSI SC 18320 5 0599 996 $aContratto di diritto pubblico fra amministrazione e privato nell'esperienza tedesca$93897518 997 $aUNIOR